Polskie postacie historyczne według opisu z Wikipedii #2 - Statystyki

Ogólne statystyki
  • Ten quiz został rozwiązany 3 087 razy
  • Średni wynik to 8 z 15
Statystyki odpowiedzi
Opis Postać
historyczna
% Poprawnych
"16 października 1978 został wybrany na papieża przez drugie zgromadzenie kardynałów" Jan Paweł II
99%
"Laureat Pokojowej Nagrody Nobla w 1983. Prezydent Rzeczypospolitej Polskiej w latach 1990–1995." Lech Wałęsa
93%
"pierwszy marszałek Polski (1920) (...) wywarł decydujący wpływ na kształt polityki wewnętrznej i zagranicznej II RP." Józef Piłsudski
85%
"napisał słowa Pieśni Legionów Polskich we Włoszech – późniejszego polskiego hymnu narodowego Mazurka Dąbrowskiego." Józef Wybicki
81%
"zastał Polskę drewnianą, a zostawił murowaną." Kazimierz III Wielki
81%
"jego dzieła to między innymi Stańczyk (1862), Kazanie Skargi (1864), Astronom Kopernik, czyli rozmowa z Bogiem (1874), Bitwa pod Grunwaldem (1878)" Jan Matejko
72%
"Projekt doczekał się jednak tylko częściowej realizacji; powstały dwie tragedie romantyczne – Balladyna (1839) i Lilla Weneda (1840)." Juliusz Słowacki
72%
"Z reprezentacją Polski trzykrotnie uczestniczył w mistrzostwach świata (1974 – 3. miejsce, król strzelców z 7 golami" Grzegorz Lato
65%
"Jedna z najważniejszych postaci Śląska i jego walki o przyłączenie do Polski. Jeden z ojców niepodległej Polski." Wojciech Korfanty
30%
"Jeden z najaktywniejszych polskich władców, za panowania którego Korona, pokonując zakon krzyżacki w wojnie trzynastoletniej, odzyskała – po 158 latach – Pomorze Gdańskie" Kazimierz IV Jagiellończyk
25%
"niemieckojęzyczny naukowiec i przedsiębiorca pochodzący z polskiego Gdańska; astronom, matematyk i konstruktor urządzeń badawczych." Jan Heweliusz
24%
"król Polski w latach 1492–1501, książę głogowski 1491–1498." Jan I Olbracht
24%
"polski franciszkanin konwentualny, prezbiter, gwardian, misjonarz, męczennik, święty Kościoła katolickiego." Maksymilian Maria Kolbe
21%
"Pisał też Szkice węglem (1876). Pod wpływem podróży do Stanów Zjednoczonych napisał kilka dalszych utworów: Komedia z pomyłek (1878), Przez stepy (1879)" Henryk Sienkiewicz
19%
"Zmienił kierunek polskiej polityki: zawarł pokój z Czechami i wznowił uległość wobec Świętego Cesarstwa" Władysław I Herman
10%
Nie znaleziono quizów pasujących do podanych kryteriów
Rozkład punktacji
Procent ludzi z każdym wynikiem
Percentyl według liczby udzielonych odpowiedzi
Twoja historia wyników
Nie rozwiązałeś tego quizu